| 000 | 00445nam a22001817a 4500 | ||
|---|---|---|---|
| 003 | NUST-PNEC | ||
| 005 | 20170114142520.0 | ||
| 008 | 140503b xxu||||| |||| 00| 0 eng d | ||
| 020 | _a0070423172 | ||
| 040 | _cPNEC | ||
| 082 | _a621.381 MIL | ||
| 100 |
_978 _aMillman, Jacob |
||
| 245 |
_aIntegrated electronics _cJacob, Millman |
||
| 260 |
_aNew York _bMcGraw-Hill Education _cc.1971 |
||
| 300 | _a911 p.: | ||
| 650 | _xEL | ||
| 942 |
_2ddc _cBK |
||
| 999 |
_c60062 _d60062 |
||